Statistics for WW1

Click here to take the quiz!

General Stats

  • This quiz has been taken 71 times
  • The average score is 5 of 12

Answer Stats

HintAnswer% Correct
What year did America join1917
81%
What was the treaty that ended the warVersailles
63%
What was the name if the faction with Germany, Ottoman Empire, Austria HungaryThe Central Powers
58%
What was the biggest battle during WW1The battle of the Somme
55%
Who made the first tankGreat Britain
52%
Why did Russia leave the warrevolution
48%
What was the name of the faction with Great Britain, France, Russia, and eventually The USAThe Entente
48%
Why did WW1 startFranz Ferdinand
43%
who took Germany's pacific holdingsJapan
39%
What was the only MAJOR naval battle during WW1The battle of Jutland
30%
When did WW1 startJuly 1914
12%
When did WW1 EndNovember 1918
7%

Score Distribution

Percentile by Number Answered

Percent of People with Each Score

Your Score History

You have not taken this quiz